Comuni della Provincia di Cosenza - Statistics

Statistiche generali
  • Questo quiz è stato fatto 57 volte
    42 dall'ultimo reset
  • Il punteggio medio è 68 su 150
Statistiche sulle risposte
Comune % Corretto
Cosenza
80%
Rende
80%
Diamante
76%
Acri
68%
Corigliano-Rossano
68%
Paola
68%
San Fili
68%
Spezzano Albanese
68%
Amantea
64%
Fuscaldo
64%
San Giovanni in Fiore
64%
Castrovillari
60%
Luzzi
60%
Marano Marchesato
60%
Montalto Uffugo
60%
Praia a Mare
60%
Rose
60%
Santa Maria del Cedro
60%
Santo Stefano di Rogliano
60%
Altomonte
56%
Casali del Manco
56%
Dipignano
56%
Guardia Piemontese
56%
Marano Principato
56%
Piane Crati
56%
Rogliano
56%
San Lorenzo del Vallo
56%
San Lucido
56%
San Marco Argentano
56%
Spezzano della Sila
56%
Zumpano
56%
Acquappesa
52%
Bisignano
52%
Castrolibero
52%
Crosia
52%
Lattarico
52%
Papasidero
52%
Rocca Imperiale
52%
San Benedetto Ullano
52%
San Demetrio Corone
52%
San Sosti
52%
Santa Sofia d'Epiro
52%
Saracena
52%
Tortora
52%
Acquaformosa
48%
Aiello Calabro
48%
Aieta
48%
Albidona
48%
Amendolara
48%
Aprigliano
48%
Belmonte Calabro
48%
Bianchi
48%
Calopezzati
48%
Fiumefreddo Bruzio
48%
Frascineto
48%
Lago
48%
Longobucco
48%
Malvito
48%
Mandatoriccio
48%
Mormanno
48%
Roseto Capo Spulico
48%
Rovito
48%
Scalea
48%
Terravecchia
48%
Trebisacce
48%
Belsito
44%
Bocchigliero
44%
Bonifati
44%
Buonvicino
44%
Cariati
44%
Celico
44%
Firmo
44%
Grimaldi
44%
Grisolia
44%
Lappano
44%
Longobardi
44%
Malito
44%
Mendicino
44%
Montegiordano
44%
Morano Calabro
44%
Pedivigliano
44%
Pietrafitta
44%
Pietrapaola
44%
Roggiano Gravina
44%
San Basile
44%
San Cosmo Albanese
44%
San Giorgio Albanese
44%
San Lorenzo Bellizzi
44%
San Martino di Finita
44%
Santa Domenica Talao
44%
Tarsia
44%
Verbicaro
44%
Villapiana
44%
Alessandria del Carretto
40%
Altilia
40%
Belvedere Marittimo
40%
Caloveto
40%
Campana
40%
Canna
40%
Cerisano
40%
Cerzeto
40%
Cetraro
40%
Colosimi
40%
Domanico
40%
Falconara Albanese
40%
Laino Borgo
40%
Lungro
40%
Mangone
40%
Mongrassano
40%
Mottafollone
40%
Nocara
40%
Oriolo
40%
Paterno Calabro
40%
San Pietro in Guarano
40%
Terranova da Sibari
40%
Vaccarizzo Albanese
40%
Cassano all'Ionio
36%
Castiglione Cosentino
36%
Cervicati
36%
Cropalati
36%
Fagnano Castello
36%
Figline Vegliaturo
36%
Laino Castello
36%
Maierà
36%
Parenti
36%
Plataci
36%
San Donato di Ninea
36%
Santa Caterina Albanese
36%
San Vincenzo La Costa
36%
Torano Castello
36%
Carpanzano
32%
Castroregio
32%
Cleto
32%
Francavilla Marittima
32%
Marzi
32%
San Nicola Arcella
32%
San Pietro in Amantea
32%
Scigliano
32%
Carolei
28%
Cellara
28%
Civita
28%
Paludi
28%
Sangineto
28%
Serra d'Aiello
28%
Rota Greca
24%
Scala Coeli
24%
Cerchiara di Calabria
20%
Orsomarso
20%
Panettieri
20%
Sant'Agata di Esaro
16%
Nessun quiz corrispondente trovato
Distribuzione punteggi
Percentuale di utenti per punteggio
Percentile per numero di risposta
I tuoi punteggi nel tempo
Non hai fatto questo quiz dall'ultimo reset